[Event "FIDE Open World Blitz 2021"]
[Site "Warsaw"]
[Date "2021.12.29"]
[Round "1.40"]
[White "Gelfand, Boris"]
[Black "Bologan, Victor"]
[Result "1/2-1/2"]
[WhiteElo "2674"]
[BlackElo "2574"]
[Annotator "ChessBase"]
[PlyCount "126"]
[EventDate "2021.12.29"]
[EventType "swiss"]
[EventCountry "POL"]
[Tiebreak "Cut1 Buchholz"]
[SourceTitle "playchess.com"]
[Source "ChessBase"]
[SourceQuality "1"]

1. d4 Nf6 2. Nf3 e6 3. c4 b6 4. g3 Bb7 5. Bg2 Be7 6. O-O O-O 7. Re1 d5 8. cxd5
exd5 9. Nc3 Na6 10. Bf4 c5 11. h4 Nc7 12. e3 Ne6 13. Be5 Ne4 14. dxc5 N6xc5 15.
Qc2 Bf6 16. Rad1 Bxe5 17. Nxe5 Qe7 18. Nd3 Rac8 19. Nf4 Nxc3 20. Qxc3 Ne4 21.
Qd4 Nf6 22. Rc1 Rc5 23. Nd3 Rc4 24. Rxc4 dxc4 25. Qxc4 Bxg2 26. Kxg2 Rd8 27.
Nf4 g6 28. Re2 Qe5 29. e4 Rd4 30. Qc8+ Kg7 31. f3 Rd7 32. Qc3 Qxc3 33. bxc3 Rd1
34. e5 Nd7 35. e6 fxe6 36. Nxe6+ Kf6 37. Ng5 Nf8 38. Kf2 Rc1 39. Rd2 h6 40.
Ne4+ Ke7 41. Ke3 Ne6 42. f4 h5 43. Re2 Ng7 44. Kd3 Rg1 45. Kc4 Nf5 46. Kb5 Kd7
47. Ka6 Nxg3 48. Nxg3 Rxg3 49. Kxa7 Rxc3 50. Kxb6 Rc4 51. Rf2 Kd6 52. Kb5 Rc5+
53. Kb4 Rf5 54. a4 Kc6 55. Rc2+ Kb6 56. Rc4 Kb7 57. Rc2 Kb6 58. Rc4 Rd5 59. Re4
Rd3 60. Re6+ Kb7 61. Rxg6 Rd4+ 62. Kb5 Rxf4 63. a5 Rxh4 1/2-1/2

[Event "FIDE Open World Blitz 2021"]
[Site "Warsaw"]
[Date "2021.12.29"]
[Round "1.41"]
[White "Kadric, Denis"]
[Black "Howell, David W L"]
[Result "1-0"]
[WhiteElo "2566"]
[BlackElo "2648"]
[Annotator "ChessBase"]
[PlyCount "51"]
[EventDate "2021.12.29"]
[EventType "swiss"]
[EventCountry "POL"]
[Tiebreak "Cut1 Buchholz"]
[SourceTitle "playchess.com"]
[Source "ChessBase"]
[SourceQuality "1"]

1. e4 e5 2. Nf3 Nc6 3. Bc4 Bc5 4. c3 Nf6 5. d3 d6 6. O-O a5 7. Re1 h6 8. Nbd2
O-O 9. Nf1 Ba7 10. Ng3 Be6 11. Bb5 Ne7 12. Ba4 c6 13. h3 b5 14. Bc2 a4 15. d4
Ng6 16. Be3 Re8 17. Qd2 Bb6 18. a3 Qc7 19. Nf5 Bxf5 20. exf5 exd4 21. Bxh6 dxc3
22. bxc3 gxh6 23. Qxh6 Qa7 24. fxg6 Bxf2+ 25. Kh1 Bxe1 26. g7 1-0

[Event "FIDE Open World Blitz 2021"]
[Site "Warsaw"]
[Date "2021.12.29"]
[Round "1.42"]
[White "Petrosyan, Manuel"]
[Black "Parligras, Mircea-Emilian"]
[Result "1/2-1/2"]
[WhiteElo "2599"]
[BlackElo "2576"]
[Annotator "ChessBase"]
[PlyCount "176"]
[EventDate "2021.12.29"]
[EventType "swiss"]
[EventCountry "POL"]
[Tiebreak "Cut1 Buchholz"]
[SourceTitle "playchess.com"]
[Source "ChessBase"]
[SourceQuality "1"]

1. c4 e6 2. Nc3 d5 3. d4 Bb4 4. a3 Bxc3+ 5. bxc3 Nf6 6. e3 c6 7. a4 O-O 8. Nf3
b6 9. Ba3 Re8 10. cxd5 cxd5 11. Bb5 Bd7 12. Bd3 Nc6 13. O-O e5 14. dxe5 Nxe5
15. Nxe5 Rxe5 16. c4 Bg4 17. Qb3 dxc4 18. Bxc4 Be6 19. Rfd1 Qe8 20. Bb2 Bxc4
21. Qxc4 Re6 22. Rac1 h6 23. h3 Rd8 24. Rxd8 Qxd8 25. Qc8 Re8 26. Qxd8 Rxd8 27.
Bxf6 gxf6 28. Rc7 a5 29. Rc6 Kg7 30. Rxb6 Rd1+ 31. Kh2 Ra1 32. Ra6 Rxa4 33. g4
Ra1 34. Kg3 Ra2 35. f3 Ra3 36. Kf4 Kg6 37. h4 Kg7 38. h5 Ra4+ 39. e4 Ra3 40.
Ra8 Kh7 41. Ra7 Kg8 42. Rb7 Kf8 43. Rb6 Kg7 44. Ra6 Ra1 45. Kf5 Ra3 46. f4 Rf3
47. Rxa5 Rb3 48. Rd5 Rb1 49. e5 fxe5 50. Rxe5 Rb4 51. Rc5 Ra4 52. g5 hxg5 53.
Kxg5 Ra1 54. h6+ Kh7 55. Rc6 Rg1+ 56. Kf5 Rg2 57. Rf6 Ra2 58. Kg5 Rg2+ 59. Kf5
Ra2 60. Rb6 Ra5+ 61. Kf6 Kxh6 62. Kxf7+ Kh7 63. Re6 Ra7+ 64. Re7 Ra8 65. f5 Kh6
66. Re6+ Kh7 67. Re1 Ra7+ 68. Kf8 Kh6 69. Re7 Ra8+ 70. Kf7 Kh7 71. Kf6+ Kh6 72.
Re1 Ra6+ 73. Kf7 Ra7+ 74. Re7 Ra8 75. f6 Kh7 76. Rd7 Kh6 77. Ke6 Kg6 78. Rg7+
Kh6 79. Rc7 Kg6 80. f7 Kg7 81. Ke7 Rf8 82. Ke6 Ra8 83. Rd7 Ra1 84. Ke7 Re1+ 85.
Kd8 Kf8 86. Kc7 Rf1 87. Kd6 Rxf7 88. Rxf7+ Kxf7 1/2-1/2

[Event "FIDE Open World Blitz 2021"]
[Site "Warsaw"]
[Date "2021.12.29"]
[Round "1.43"]
[White "Dziuba, Marcin"]
[Black "Svane, Rasmus"]
[Result "0-1"]
[WhiteElo "2568"]
[BlackElo "2628"]
[Annotator "ChessBase"]
[PlyCount "82"]
[EventDate "2021.12.29"]
[EventType "swiss"]
[EventCountry "POL"]
[Tiebreak "Cut1 Buchholz"]
[SourceTitle "playchess.com"]
[Source "ChessBase"]
[SourceQuality "1"]

1. Nf3 d5 2. g3 Nf6 3. Bg2 e6 4. O-O Be7 5. c4 O-O 6. b3 d4 7. e3 c5 8. exd4
cxd4 9. d3 Nc6 10. a3 a5 11. Ng5 e5 12. Ne4 Nd7 13. f4 f5 14. Nf2 Nc5 15. Nd2
exf4 16. gxf4 Be6 17. Nf3 Qd7 18. Rb1 Bf6 19. h4 h6 20. Bd2 Bf7 21. b4 axb4 22.
axb4 Na4 23. b5 Nd8 24. Qb3 Ne6 25. Rfe1 Nc3 26. Ra1 Rxa1 27. Rxa1 Nxf4 28.
Bxf4 Ne2+ 29. Kf1 Nxf4 30. Bh1 Re8 31. Ra7 Qe7 32. Qd1 Bxh4 33. Rxb7 Qxb7 34.
Nxh4 Qe7 35. Nxf5 Qg5 36. Nxd4 Rf8 37. Nf3 Qh5 38. Qd2 Be6 39. b6 Bg4 40. Ng1
Ne2 41. b7 Qxh1 0-1

[Event "FIDE Open World Blitz 2021"]
[Site "Warsaw"]
[Date "2021.12.29"]
[Round "1.44"]
[White "Salem, A.R. Saleh"]
[Black "Sindarov, Javokhir"]
[Result "0-1"]
[WhiteElo "2690"]
[BlackElo "2587"]
[Annotator "ChessBase"]
[PlyCount "78"]
[EventDate "2021.12.29"]
[EventType "swiss"]
[EventCountry "POL"]
[Tiebreak "Cut1 Buchholz"]
[SourceTitle "playchess.com"]
[Source "ChessBase"]
[SourceQuality "1"]

1. d4 Nf6 2. c4 c5 3. d5 g6 4. Nc3 Bg7 5. e4 d6 6. Nf3 O-O 7. Be2 e6 8. O-O
exd5 9. cxd5 Bg4 10. h3 Bxf3 11. Bxf3 Nbd7 12. a4 Re8 13. Bf4 Ne5 14. Be2 Rc8
15. Qc2 a6 16. a5 c4 17. Be3 Nfd7 18. Na4 Qh4 19. f4 Nd3 20. Bxd3 cxd3 21. Qxd3
Qe7 22. e5 dxe5 23. d6 Qe6 24. f5 gxf5 25. Qxf5 Qxf5 26. Rxf5 Re6 27. Raf1 f6
28. Rd1 Bf8 29. Rf2 Rxd6 30. Rfd2 Rcc6 31. Nc3 Kf7 32. Ne4 Rxd2 33. Rxd2 Ke6
34. g4 Bb4 35. Rd3 Bxa5 36. Kg2 Bb6 37. Bxb6 Rxb6 38. b3 Rb4 39. Kf3 Rxe4 0-1

[Event "FIDE Open World Blitz 2021"]
[Site "Warsaw"]
[Date "2021.12.29"]
[Round "1.45"]
[White "Kozak, Adam"]
[Black "Dreev, Aleksey"]
[Result "0-1"]
[WhiteElo "2532"]
[BlackElo "2635"]
[Annotator "ChessBase"]
[PlyCount "180"]
[EventDate "2021.12.29"]
[EventType "swiss"]
[EventCountry "POL"]
[Tiebreak "Cut1 Buchholz"]
[SourceTitle "playchess.com"]
[Source "ChessBase"]
[SourceQuality "1"]

1. Nf3 d5 2. g3 c6 3. Bg2 Bg4 4. O-O e6 5. d4 Nf6 6. h3 Bh5 7. c4 Nbd7 8. cxd5
exd5 9. Qb3 Nb6 10. a4 a5 11. Ne5 Bg6 12. Nc3 Bb4 13. Nxg6 hxg6 14. h4 O-O 15.
Bf3 Re8 16. Qc2 Nc4 17. Kg2 Qd7 18. Bf4 Bd6 19. Bg5 Be7 20. Rh1 Qf5 21. Qc1 Nd6
22. Bf4 Nde4 23. Nd1 Bd6 24. Ne3 Bxf4 25. gxf4 Qxf4 26. Nc2 Qxc1 27. Raxc1 Ra6
28. Rb1 Nd2 29. Rbd1 Nxf3 30. Kxf3 Rb6 31. Rb1 Ne4 32. Rhd1 Re6 33. Kg2 Nd6 34.
e3 Nf5 35. Rh1 Rb3 36. Na1 Rb6 37. b3 Re4 38. h5 g5 39. Nc2 Kh7 40. Ne1 Kh6 41.
Nd3 Re7 42. Ne5 f6 43. Ng4+ Kh7 44. h6 Nxh6 45. Nh2 Kg6 46. Nf3 Re8 47. Ne1 Nf5
48. Nd3 Nd6 49. Nc5 Ne4 50. Nxe4 dxe4 51. Rhc1 Rd8 52. Rb2 Rd5 53. Rh1 Rd8 54.
Rc1 Rb4 55. Rc4 Rxc4 56. bxc4 Rd7 57. Kg3 f5 58. Rb6 Kf6 59. d5 Rc7 60. d6 Rd7
61. c5 Ke6 62. Rb1 Kd5 63. Rc1 Rd8 64. Kg2 Rf8 65. Kg3 Rd8 66. Rc2 Ke6 67. Rb2
Rb8 68. Kg2 Kd7 69. Kf1 b6 70. cxb6 Kxd6 71. Kg2 Kc5 72. b7 Kd6 73. Rb6 Kc7 74.
Ra6 Rxb7 75. Rxa5 g6 76. Kf1 Kb6 77. Re5 Ra7 78. Re6 Rxa4 79. Rxg6 g4 80. Rg8
Rc4 81. Rb8+ Kc7 82. Ra8 Rc5 83. Kg2 Rd5 84. Kg3 Kb6 85. Kf4 c5 86. Rb8+ Ka5
87. Kg3 c4 88. Kg2 c3 89. Kg3 Ka4 90. Kf4 Rc5 0-1

[Event "FIDE Open World Blitz 2021"]
[Site "Warsaw"]
[Date "2021.12.29"]
[Round "1.46"]
[White "Bartel, Mateusz"]
[Black "Nguyen, Thai Dai Van"]
[Result "1/2-1/2"]
[WhiteElo "2619"]
[BlackElo "2594"]
[Annotator "ChessBase"]
[PlyCount "81"]
[EventDate "2021.12.29"]
[EventType "swiss"]
[EventCountry "POL"]
[Tiebreak "Cut1 Buchholz"]
[SourceTitle "playchess.com"]
[Source "ChessBase"]
[SourceQuality "1"]

1. e4 e5 2. Nf3 Nc6 3. Bc4 Bc5 4. c3 Nf6 5. d4 exd4 6. cxd4 Bb4+ 7. Nbd2 Nxe4
8. d5 Bxd2+ 9. Bxd2 Ne7 10. Bb4 O-O 11. O-O d6 12. Re1 Nf6 13. Bc3 Ng6 14. h3
Bd7 15. Qd4 c5 16. dxc6 Bxc6 17. Qd3 Rc8 18. Ng5 Bxg2 19. Nxf7 Rxf7 20. Bxf7+
Kxf7 21. Bxf6 Qxf6 22. Qb3+ Kf8 23. Kxg2 Nf4+ 24. Kf1 Qf5 25. Qf3 Qb5+ 26. Kg1
Qg5+ 27. Kh2 Kg8 28. Rg1 Qh6 29. Rae1 Rf8 30. Qe3 Kh8 31. Rg3 Qf6 32. Reg1 Ng6
33. R3g2 b6 34. Kh1 Qxb2 35. a3 Qf6 36. Rd1 Rf7 37. Qe8+ Rf8 38. Qe3 Rf7 39.
Qe8+ Rf8 40. Qe3 Rf7 41. Qe8+ 1/2-1/2

[Event "FIDE Open World Blitz 2021"]
[Site "Warsaw"]
[Date "2021.12.29"]
[Round "1.47"]
[White "Klekowski, Maciej"]
[Black "Kravtsiv, Martyn"]
[Result "1/2-1/2"]
[WhiteElo "2499"]
[BlackElo "2616"]
[Annotator "ChessBase"]
[PlyCount "79"]
[EventDate "2021.12.29"]
[EventType "swiss"]
[EventCountry "POL"]
[Tiebreak "Cut1 Buchholz"]
[SourceTitle "playchess.com"]
[Source "ChessBase"]
[SourceQuality "1"]

1. c4 e6 2. Nf3 d5 3. e3 Nf6 4. b3 c5 5. Bb2 Nc6 6. cxd5 exd5 7. Bb5 Qb6 8. Nc3
Be7 9. O-O O-O 10. Bxc6 Qxc6 11. d4 b6 12. Rc1 Ba6 13. Re1 Rac8 14. Ne5 Qe6 15.
Ne2 Bb7 16. Nf4 Qd6 17. Qf3 cxd4 18. Bxd4 Qa3 19. Ra1 Rc2 20. Ng4 Qd6 21. Be5
Qd8 22. a4 Nxg4 23. Qxg4 Bf6 24. Bxf6 Qxf6 25. Qd7 Bc6 26. Qg4 g6 27. h4 Re8
28. h5 Bb7 29. Qd7 Bc6 30. Qg4 Bb7 31. a5 bxa5 32. Rxa5 Qc3 33. Raa1 Qd2 34.
Rf1 d4 35. hxg6 hxg6 36. Nxg6 fxg6 37. Qxg6+ Kf8 38. Qf6+ Kg8 39. Ra5 Qxa5 40.
Qg6+ 1/2-1/2

[Event "FIDE Open World Blitz 2021"]
[Site "Warsaw"]
[Date "2021.12.29"]
[Round "1.48"]
[White "Zvjaginsev, Vadim"]
[Black "Zilka, Stepan"]
[Result "1-0"]
[WhiteElo "2609"]
[BlackElo "2593"]
[Annotator "ChessBase"]
[PlyCount "139"]
[EventDate "2021.12.29"]
[EventType "swiss"]
[EventCountry "POL"]
[Tiebreak "Cut1 Buchholz"]
[SourceTitle "playchess.com"]
[Source "ChessBase"]
[SourceQuality "1"]

1. c4 e6 2. Nc3 d5 3. d4 Nf6 4. Bg5 Be7 5. e3 O-O 6. Nf3 h6 7. Bh4 Ne4 8. Bxe7
Qxe7 9. Rc1 c6 10. Bd3 Nxc3 11. Rxc3 Nd7 12. O-O dxc4 13. Bxc4 e5 14. Bb3 a5
15. h3 Re8 16. e4 a4 17. Bxa4 exd4 18. Qxd4 Ne5 19. Bb3 Nxf3+ 20. Rxf3 Be6 21.
Rg3 g6 22. Re1 Bxb3 23. axb3 Rad8 24. Qc3 Qe5 25. Rge3 Qxc3 26. bxc3 Rd2 27.
R1e2 Rd1+ 28. Kh2 Kg7 29. b4 c5 30. bxc5 Re5 31. Rb2 Rd7 32. c6 bxc6 33. f4 Rb5
34. Ra2 h5 35. Kg3 c5 36. Kf3 Rb1 37. e5 Rf1+ 38. Ke4 c4 39. h4 Rh1 40. g3 Rg1
41. Ra4 Rd3 42. Rxc4 Rxe3+ 43. Kxe3 Rxg3+ 44. Ke4 Rg4 45. Rc7 Kf8 46. e6 fxe6
47. Ke5 Rxh4 48. c4 Ke8 49. Kxe6 Kd8 50. Rd7+ Kc8 51. Rf7 Rg4 52. c5 Rg1 53.
Kd6 Rd1+ 54. Kc6 Kd8 55. Rg7 Rg1 56. f5 g5 57. f6 Ke8 58. Kc7 h4 59. Rh7 Rf1
60. Kb7 Rb1+ 61. Kc7 Rf1 62. c6 Rxf6 63. Kb7 Rf3 64. c7 Rb3+ 65. Kc6 Rc3+ 66.
Kd6 h3 67. Rxh3 Rc1 68. Rh8+ Kf7 69. c8=Q Rxc8 70. Rxc8 1-0

[Event "FIDE Open World Blitz 2021"]
[Site "Warsaw"]
[Date "2021.12.29"]
[Round "1.49"]
[White "Puranik, Abhimanyu"]
[Black "Hovhannisyan, Robert"]
[Result "1-0"]
[WhiteElo "2604"]
[BlackElo "2622"]
[Annotator "ChessBase"]
[PlyCount "81"]
[EventDate "2021.12.29"]
[EventType "swiss"]
[EventCountry "POL"]
[Tiebreak "Cut1 Buchholz"]
[SourceTitle "playchess.com"]
[Source "ChessBase"]
[SourceQuality "1"]

1. Nf3 d5 2. c4 d4 3. b4 c5 4. bxc5 Nc6 5. g3 e5 6. d3 Bxc5 7. Bg2 Nf6 8. O-O
h6 9. Nfd2 O-O 10. Nb3 Bd6 11. Ba3 Bf5 12. Bxd6 Qxd6 13. N1d2 Rad8 14. a4 Rfe8
15. c5 Qd7 16. Nc4 Bh3 17. Nd6 Re7 18. Nd2 Bxg2 19. Kxg2 Nd5 20. Qb3 Nc3 21. e4
b6 22. Nf5 Ree8 23. cxb6 g6 24. Nh4 Kg7 25. a5 Rb8 26. Nc4 Qe6 27. f4 exf4 28.
Rxf4 Ne5 29. Raf1 Rf8 30. Nf3 Nxf3 31. R4xf3 axb6 32. axb6 Rb7 33. Qc2 Ra8 34.
Qc1 Ra2+ 35. R1f2 Rxf2+ 36. Rxf2 h5 37. Qf4 Kh7 38. Nd6 Rxb6 39. Nxf7 Kg7 40.
Qh6+ Kg8 41. Qh8# 1-0

[Event "FIDE Open World Blitz 2021"]
[Site "Warsaw"]
[Date "2021.12.29"]
[Round "1.50"]
[White "Pichot, Alan"]
[Black "Teclaf, Pawel"]
[Result "0-1"]
[WhiteElo "2630"]
[BlackElo "2543"]
[Annotator "ChessBase"]
[PlyCount "150"]
[EventDate "2021.12.29"]
[EventType "swiss"]
[EventCountry "POL"]
[Tiebreak "Cut1 Buchholz"]
[SourceTitle "playchess.com"]
[Source "ChessBase"]
[SourceQuality "1"]

1. e4 c5 2. Nf3 e6 3. d4 cxd4 4. Nxd4 a6 5. Bd3 Nf6 6. O-O d6 7. Qe2 Qc7 8. c4
b6 9. Nc3 Bb7 10. f4 Nbd7 11. b4 g6 12. Bb2 Bg7 13. f5 exf5 14. Nd5 Bxd5 15.
exd5+ Ne5 16. Rac1 O-O 17. Bxf5 Rae8 18. Bb1 Neg4 19. Qf3 Re3 20. Qd1 Ree8 21.
Nc6 Ne3 22. Qd3 Nxf1 23. Rxf1 Nd7 24. Bxg7 Kxg7 25. Bc2 Ne5 26. Qd4 Kg8 27. Ba4
Nxc6 28. Bxc6 Re5 29. c5 bxc5 30. bxc5 Rd8 31. h3 dxc5 32. Qc4 Qd6 33. Rd1 h5
34. Rc1 Qe7 35. Kh2 Re2 36. Qc3 Qd6+ 37. Kh1 Re5 38. Qf3 Rc8 39. Qf1 Rc7 40.
Qxa6 Rce7 41. Qf1 Re2 42. a4 Qg3 43. d6 Qxd6 44. Bb5 Rd2 45. Qf3 Rd4 46. a5 Rf4
47. Qc3 Rfe4 48. a6 Qb6 49. Bc4 Qb4 50. Qxb4 cxb4 51. Kh2 Ra7 52. Bd5 Re5 53.
Bb7 Rb5 54. Bc8 b3 55. Rb1 Rb8 56. Bb7 Rbxb7 57. axb7 Rxb7 58. Kg3 b2 59. Kf2
Kg7 60. Ke3 f5 61. Kd3 Kf6 62. Kc2 h4 63. Kd3 g5 64. Ke3 Rb3+ 65. Kd2 g4 66.
hxg4 fxg4 67. Kc2 Rg3 68. Rf1+ Kg5 69. Rf2 Rb3 70. Kb1 h3 71. gxh3 gxh3 72. Rf8
Kg4 73. Rg8+ Kf3 74. Rg7 h2 75. Rh7 Kg2 0-1

[Event "FIDE Open World Blitz 2021"]
[Site "Warsaw"]
[Date "2021.12.29"]
[Round "1.51"]
[White "Holm, Kristian Stuvik"]
[Black "Timofeev, Artyom"]
[Result "1-0"]
[WhiteElo "2471"]
[BlackElo "2586"]
[Annotator "ChessBase"]
[PlyCount "130"]
[EventDate "2021.12.29"]
[EventType "swiss"]
[EventCountry "POL"]
[Tiebreak "Cut1 Buchholz"]
[SourceTitle "playchess.com"]
[Source "ChessBase"]
[SourceQuality "1"]

1. Nf3 Nf6 2. c4 c5 3. Nc3 d5 4. cxd5 Nxd5 5. e4 Nb6 6. d4 cxd4 7. Qxd4 Qxd4 8.
Nxd4 a6 9. Be3 N8d7 10. Rc1 e6 11. Nb3 Bd6 12. Be2 Ke7 13. f4 f6 14. Kf2 Bb8
15. Rhd1 Ba7 16. Nc5 Rd8 17. b4 Nxc5 18. Bxc5+ Ke8 19. Rxd8+ Kxd8 20. Rd1+ Bd7
21. Ke1 Ke8 22. Bh5+ g6 23. Be2 Nc8 24. Bxa7 Nxa7 25. e5 fxe5 26. fxe5 Ke7 27.
Ne4 Nc6 28. Nc5 Bc8 29. Nd3 Nd4 30. Kf2 b6 31. Nf4 Nxe2 32. Kxe2 Bd7 33. Rd6
Rb8 34. Ke3 a5 35. a3 axb4 36. axb4 g5 37. Nh5 h6 38. Nf6 Bb5 39. g3 Rb7 40.
Ng8+ Kf7 41. Nxh6+ Ke7 42. Ng8+ Kf7 43. Nf6 Ba4 44. h4 gxh4 45. gxh4 Kg6 46.
Kf4 Bb3 47. Rd7 Rxd7 48. Nxd7 b5 49. Nf6 Bc4 50. h5+ Kh6 51. Kg4 Be2+ 52. Kh4
Bc4 53. Ng4+ Kg7 54. Kg5 Be2 55. h6+ Kf7 56. Nf6 Bd3 57. Nh5 Bc2 58. Nf4 Bb1
59. Ne2 Be4 60. Nd4 Bd3 61. Nc6 Be4 62. Nd4 Bd3 63. Nf3 Be4 64. Nd4 Bd3 65. Nc2
Bxc2 1-0

[Event "FIDE Open World Blitz 2021"]
[Site "Warsaw"]
[Date "2021.12.29"]
[Round "1.52"]
[White "Vidit, Santosh Gujrathi"]
[Black "Blohberger, Felix"]
[Result "1-0"]
[WhiteElo "2727"]
[BlackElo "2490"]
[Annotator "ChessBase"]
[PlyCount "111"]
[EventDate "2021.12.29"]
[EventType "swiss"]
[EventCountry "POL"]
[Tiebreak "Cut1 Buchholz"]
[SourceTitle "playchess.com"]
[Source "ChessBase"]
[SourceQuality "1"]

1. d4 Nf6 2. c4 g6 3. g3 Bg7 4. Bg2 O-O 5. Nc3 d6 6. Nf3 Nc6 7. O-O e5 8. d5
Nb8 9. e4 a5 10. h3 Na6 11. Be3 Nd7 12. Ne1 Ndc5 13. a3 Bd7 14. b3 f5 15. exf5
gxf5 16. Rb1 f4 17. Bxc5 Nxc5 18. b4 axb4 19. axb4 Na4 20. Ne4 fxg3 21. fxg3
Rxf1+ 22. Kxf1 Bf5 23. Rc1 Qd7 24. g4 Bg6 25. Kg1 Rf8 26. Nd3 Bh6 27. Rc2 Be3+
28. Kh1 Bd4 29. Qe1 Kh8 30. Rc1 Nb2 31. Nxb2 Bxb2 32. Rd1 Rf4 33. c5 Bd4 34.
cxd6 cxd6 35. Rc1 Kg7 36. Ng5 Rf2 37. Ne6+ Kg8 38. Nxd4 Rxg2 39. Kxg2 exd4 40.
Qe6+ Qxe6 41. dxe6 Be4+ 42. Kf2 Bc6 43. Rd1 Kf8 44. Rxd4 Ke7 45. g5 Be8 46. Re4
Bg6 47. Re1 Bf5 48. h4 Bxe6 49. Kf3 Kf7 50. Kf4 Bd7 51. h5 Bc6 52. Rd1 Ke6 53.
Rd2 Be8 54. Re2+ Kd7 55. g6 hxg6 56. h6 1-0

[Event "FIDE Open World Blitz 2021"]
[Site "Warsaw"]
[Date "2021.12.29"]
[Round "2.1"]
[White "Durarbayli, Vasif"]
[Black "Kanarek, Marcel"]
[Result "1-0"]
[WhiteElo "2599"]
[BlackElo "2342"]
[Annotator "ChessBase"]
[PlyCount "67"]
[EventDate "2021.12.29"]
[EventType "swiss"]
[EventCountry "POL"]
[Tiebreak "Cut1 Buchholz"]
[SourceTitle "playchess.com"]
[Source "ChessBase"]
[SourceQuality "1"]

1. e4 c5 2. Nf3 e6 3. b3 Nc6 4. Bb2 a6 5. c4 Nf6 6. e5 Ng4 7. h3 Nh6 8. Nc3 Nf5
9. Ne4 Nfd4 10. Nxd4 Nxd4 11. Bxd4 cxd4 12. c5 b6 13. cxb6 Bb7 14. Bd3 Qxb6 15.
O-O Be7 16. Qg4 g6 17. Rac1 Qa5 18. Nf6+ Bxf6 19. exf6 Qe5 20. Qh4 h6 21. f4
Qd5 22. Qg3 Qd6 23. Rfe1 Kf8 24. Re5 Rg8 25. h4 Rc8 26. Rxc8+ Bxc8 27. Qf3 Qb8
28. Qf2 g5 29. hxg5 hxg5 30. Rxg5 Rxg5 31. fxg5 Qe5 32. Qh4 Kg8 33. Qh7+ Kf8
34. Qh8# 1-0

[Event "FIDE Open World Blitz 2021"]
[Site "Warsaw"]
[Date "2021.12.29"]
[Round "2.2"]
[White "Demidov, Mikhail"]
[Black "Duda, Jan-Krzysztof"]
[Result "1-0"]
[WhiteElo "2592"]
[BlackElo "2756"]
[Annotator "ChessBase"]
[PlyCount "119"]
[EventDate "2021.12.29"]
[EventType "swiss"]
[EventCountry "POL"]
[Tiebreak "Cut1 Buchholz"]
[SourceTitle "playchess.com"]
[Source "ChessBase"]
[SourceQuality "1"]

1. Nf3 Nf6 2. g3 b5 3. Bg2 Bb7 4. d3 d5 5. O-O e6 6. c4 c6 7. Qc2 Be7 8. b3 O-O
9. Bb2 a6 10. Nbd2 c5 11. d4 Nbd7 12. cxd5 Nxd5 13. Rac1 Rc8 14. Qb1 Qb6 15.
Qa1 N5f6 16. dxc5 Bxc5 17. Bd4 Rfd8 18. Rxc5 Nxc5 19. b4 e5 20. Bxc5 Qe6 21.
Nb3 e4 22. Nfd4 Qd7 23. Bb6 Re8 24. Nc5 Qd6 25. Nxb7 Qxb6 26. Nc5 a5 27. a3 e3
28. f4 g6 29. Bf3 Red8 30. Qb2 axb4 31. axb4 Nd7 32. Ndb3 Nxc5 33. Nxc5 Qd6 34.
Kg2 Qd4 35. Qb3 Rc7 36. f5 g5 37. h3 Ra7 38. f6 h6 39. Nd3 Rd6 40. Qc2 Qc4 41.
Qb2 Ra2 42. Qe5 Qe6 43. Qxb5 Rd8 44. Nc5 Qd6 45. Nb7 Qd7 46. Qc4 Rda8 47. Nc5
Qd2 48. Bxa8 Rxa8 49. Ne4 Qb2 50. Nd6 Rf8 51. b5 Qe5 52. Nf5 Qxf6 53. Qe4 Qb6
54. Qe5 Qb7+ 55. Kh2 f6 56. Qd5+ Qxd5 57. Ne7+ Kf7 58. Nxd5 Ke6 59. Rxf6+ Rxf6
60. Nxf6 1-0

[Event "FIDE Open World Blitz 2021"]
[Site "Warsaw"]
[Date "2021.12.29"]
[Round "2.2"]
[White "Tang, Andrew"]
[Black "Mitrabha, Guha"]
[Result "1-0"]
[WhiteElo "2588"]
[BlackElo "2370"]
[Annotator "ChessBase"]
[PlyCount "99"]
[EventDate "2021.12.29"]
[EventType "swiss"]
[EventCountry "POL"]
[Tiebreak "Cut1 Buchholz"]
[SourceTitle "playchess.com"]
[Source "ChessBase"]
[SourceQuality "1"]

1. d4 Nf6 2. c4 c5 3. d5 e6 4. Nc3 exd5 5. cxd5 d6 6. e4 a6 7. a4 g6 8. Nge2
Bg7 9. Ng3 O-O 10. Be2 Re8 11. O-O Nbd7 12. h3 Rb8 13. Bg5 Qc7 14. Qd2 c4 15.
Rac1 b5 16. axb5 axb5 17. b4 Nf8 18. Bh6 Bh8 19. Kh2 N6d7 20. f4 Qb6 21. Rcd1
Ra8 22. e5 f5 23. e6 Nf6 24. Bf3 Ra3 25. Nge2 Bb7 26. Nd4 Rxc3 27. Qxc3 Bxd5
28. e7 Rxe7 29. Qd2 Bxf3 30. Nxf3 d5 31. Ne5 Bg7 32. Bg5 N8d7 33. Rfe1 h6 34.
Bxf6 Nxf6 35. Nxg6 Rd7 36. Ne7+ Kf7 37. Nxf5 Bf8 38. Qe2 d4 39. Qe5 d3 40. Ng3
Qd6 41. Qf5 Qd5 42. Re5 Qd6 43. Ne4 Qc6 44. Nxf6 Qxf6 45. Qxd7+ Kg8 46. Qe6+
Kg7 47. Qxf6+ Kxf6 48. Rxb5 Ke6 49. Re5+ Kf6 50. Re4 1-0

[Event "FIDE Open World Blitz 2021"]
[Site "Warsaw"]
[Date "2021.12.29"]
[Round "2.3"]
[White "Vastrukhin, Oleg"]
[Black "Vachier-Lagrave, Maxime"]
[Result "1/2-1/2"]
[WhiteElo "2588"]
[BlackElo "2766"]
[Annotator "TA"]
[PlyCount "89"]
[EventDate "2021.12.29"]
[EventType "swiss"]
[EventCountry "POL"]
[Tiebreak "Cut1 Buchholz"]
[SourceTitle "playchess.com"]
[Source "ChessBase"]
[SourceQuality "1"]

1. Nf3 d5 2. g3 g6 3. Bg2 Bg7 4. d4 Nf6 5. O-O O-O 6. Nbd2 a5 7. Re1 Bf5 8. Nh4
Be6 9. c3 c5 10. dxc5 Na6 11. Nb3 a4 12. Nd4 Nxc5 13. Nxe6 Nxe6 14. Nf3 Qb6 15.
Rb1 Ng4 16. e3 Rfd8 17. Nd4 Nf6 18. Nxe6 Qxe6 19. b3 Ne4 20. Bxe4 dxe4 21. Qc2
Rd3 22. bxa4 Rxc3 23. Qe2 Rc7 24. Bb2 Rxa4 25. Bxg7 Kxg7 26. Rb2 Rac4 27. Kg2
h5 28. h4 Qf5 29. Reb1 R7c5 30. Rd1 b5 31. Rbd2 e6 32. Rd8 Rc2 33. R1d2 Rxd2
34. Rxd2 Rd5 35. Rxd5 Qxd5 36. Qb2+ e5 37. Qb4 Qc4 38. Qe7 Qd5 39. a3 Kg8 40.
Qe8+ Kg7 41. Qe7 Kh7 42. Qe8 f5 43. Qe7+ Kg8 44. Qe8+ Kg7 45. Qe7+ 1/2-1/2

[Event "FIDE Open World Blitz 2021"]
[Site "Warsaw"]
[Date "2021.12.29"]
[Round "2.3"]
[White "Gabuzyan, Hovhannes"]
[Black "Tologontegin, Semetey"]
[Result "0-1"]
[WhiteElo "2580"]
[BlackElo "2224"]
[Annotator "ChessBase"]
[PlyCount "106"]
[EventDate "2021.12.29"]
[EventType "swiss"]
[EventCountry "POL"]
[Tiebreak "Cut1 Buchholz"]
[SourceTitle "playchess.com"]
[Source "ChessBase"]
[SourceQuality "1"]

1. Nf3 g6 2. g3 b6 3. Bg2 Bb7 4. O-O Bg7 5. c4 Nf6 6. Nc3 O-O 7. d4 Ne4 8. Nxe4
Bxe4 9. Be3 d6 10. Qd2 Nd7 11. Rfd1 c5 12. Rac1 Qc7 13. Bh6 Rac8 14. Bxg7 Kxg7
15. Qf4 Nf6 16. b3 cxd4 17. Qd2 e5 18. e3 Qb7 19. Ne1 Bxg2 20. Nxg2 Ne4 21. Qe2
Nc3 22. Rxc3 dxc3 23. Qc2 f6 24. e4 b5 25. Ne3 bxc4 26. Nxc4 Rxc4 27. bxc4 Qb2
28. Rc1 Rc8 29. Qxc3 Qxa2 30. Qd3 Qa6 31. h4 h5 32. Rb1 Rxc4 33. Qd5 Qc8 34.
Kg2 Rc6 35. Ra1 a6 36. Rb1 Qc7 37. Qe6 Qf7 38. Qh3 f5 39. Kg1 fxe4 40. Qg2 d5
41. g4 hxg4 42. Qxg4 Kh7 43. Qg5 Rf6 44. Qxe5 Rxf2 45. Rc1 Rf5 46. Qb8 Kh6 47.
Qh8+ Qh7 48. Qd8 Kh5 49. Rc7 Qh6 50. Rc3 Kg4 51. Qd6 Kh5 52. Qh2 Qf4 53. Qe2+
Qg4+ 0-1